[Event "Thessaloniki-Chalkidiki-chT B local"]
[Site "Thessaloniki"]
[Date "2019.03.03"]
[Round "7.3"]
[White "Tsagkarlis, Christos"]
[Black "Navrozidis, Georgios"]
[Result "1/2-1/2"]
[WhiteElo "1232"]
[BlackElo "1621"]
[PlyCount "116"]
[EventDate "2019.01.13"]
[EventType "team-swiss"]
[EventRounds "9"]
[EventCountry "GRE"]
[SourceTitle "EXT 2020"]
[Source "ChessBase"]
[SourceDate "2019.10.17"]
[SourceVersion "1"]
[SourceVersionDate "2019.10.17"]
[SourceQuality "1"]

1. e4 c6 2. d4 d5 3. Nc3 dxe4 4. Nxe4 Nd7 5. Nf3 Ngf6 6. Ng3 g6 7. Bg5 h6 8. Be3 Bg7 9. c4 0-0 10. Bd3 e5 11. h3 Re8 12. dxe5 Nxe5 13. Nxe5 Qa5+ 14. Qd2 Qxe5 15. 0-0 Nh5 16. Nxh5 Qxh5 17. Rad1 Be6 18. Be2 Qh4 19. b3 a5 20. Bf3 a4 21. Qb4 axb3 22. axb3 Reb8 23. Qb6 Qf6 24. Bc5 Bxh3 25. Bd6 Qg5 26. Bxb8 Rxb8 27. Rfe1 Bc3 28. Re3 Ba5 29. Qd4 Rd8 30. Qa1 Rxd1+ 31. Qxd1 Be6 32. Qd6 Bb6 33. Re1 Qc5 34. Qxc5 Bxc5 35. Be4 Kg7 36. Kf1 f5 37. Bd3 Kf6 38. Ra1 Ke5 39. Ra5 Kd4 40. Bc2 b6 41. Ra8 Kc3 42. Bd1 f4 43. Ke2 Bg4+ 44. f3 Bf5 45. Rg8 Bd3+ 46. Ke1 Be7 47. Be2 Bf5 48. Rb8 Bc5 49. Bd1 Be3 50. Rd8 Bd3 51. Be2 Bd2+ 52. Kf1 Bc2 53. Rd6 Be3 54. Rxc6 Kxb3 55. Ke1 Kc3 56. Rd6 Bc5 57. Rd5 Bf5 58. Rd8 h5 1/2-1/2

[Event "Thessaloniki-Chalkidiki-chT B local"]
[Site "Thessaloniki"]
[Date "2019.01.13"]
[Round "1.2"]
[White "Tsagkarlis, Christos"]
[Black "Kanelakis, Simeon"]
[Result "0-1"]
[WhiteElo "1232"]
[BlackElo "1766"]
[PlyCount "114"]
[EventDate "2019.01.13"]
[EventType "team-swiss"]
[EventRounds "9"]
[EventCountry "GRE"]
[SourceTitle "EXT 2020"]
[Source "ChessBase"]
[SourceDate "2019.10.17"]
[SourceVersion "1"]
[SourceVersionDate "2019.10.17"]
[SourceQuality "1"]

1. e4 c5 2. Nf3 d6 3. d4 cxd4 4. Nxd4 Nf6 5. Bb5+ Bd7 6. Bxd7+ Nbxd7 7. f3 g6 8. c4 Bg7 9. Be3 0-0 10. 0-0 Rc8 11. b3 a6 12. Qd2 Re8 13. Nc3 Ne5 14. Rac1 Nc6 15. Nde2 Qa5 16. Rfd1 h5 17. Nf4 b5 18. cxb5 axb5 19. Nfd5 Nd7 20. Qe2 b4 21. Nb5 Kf8 22. Ndc7 Rxc7 23. Nxc7 Qxc7 24. Qb5 Bc3 25. Bh6+ Kg8 26. Bd2 Rb8 27. Qe2 Qa7+ 28. Kf1 Qxa2 29. Bxc3 Qxe2+ 30. Kxe2 bxc3 31. Rxc3 Nc5 32. Rb1 Nd4+ 33. Ke3 Rxb3 34. Rbxb3 Ndxb3 35. Rc4 e5 36. Rb4 Kf8 37. Rb6 Ke7 38. g4 Na5 39. Rb1 Nc4+ 40. Kf2 Nd3+ 41. Kg3 Nf4 42. Rb7+ Ke6 43. Rc7 Nb6 44. Rc6 Nd7 45. Rc7 Nf6 46. gxh5 N6xh5+ 47. Kf2 f5 48. Rc6 fxe4 49. fxe4 Nd3+ 50. Ke3 Nc5 51. Rc7 g5 52. Rh7 Nf6 53. Rg7 Ncxe4 54. Ra7 d5 55. Ra6+ Kf5 56. Ra4 Ng4+ 57. Kd3 Nc5+ 0-1